Darwin Nunez Goals - Statistics

General Stats
  • This quiz has been taken 15 times
  • The average score is 16 of 24
Answer Stats
Goals Current League Team % Correct
3 Premier League Newcastle
100%
1 Premier League Manchester City
92%
2 Premier League Manchester Utd
92%
4 Premier League Bournemouth
85%
2 Premier League Nottingham Forest
85%
1 Premier League Wolves
85%
1 Eredivisie Ajax
77%
1 Premier League Aston Villa
77%
1 Scottish Premiership Rangers
77%
1 La Liga Real Madrid
77%
4 Championship Southampton
77%
2 Premier League West Ham
77%
1 Premier League Arsenal
69%
3 Premier League Brentford
62%
1 Premier League Fulham
62%
1 Premier League Leeds
62%
3 Czech First League Sparta Prague
62%
2 Premier league Burnley
54%
1 Serie A Napoli
46%
1 Bundesliga RB Leipzig
46%
1 Championship Norwich
38%
1 Ligue 1 Toulouse
38%
1 Austrian Bundesliga LASK
31%
1 Championship Sheffield Utd
8%
No matching quizzes found
Score Distribution
Percent of People with Each Score
Percentile by Number Answered
Your Score History
You have not taken this quiz